|
|
|
|
| LEADER |
00000ny a22000003n 4500 |
| 005 |
20110616144156.0 |
| 008 |
000207s1999 sp 000 0 spa d |
| 017 |
|
|
|a D.L.B25023-99
|
| 020 |
|
|
|a 9788495027504
|
| 035 |
|
|
|a 3263
|
| 040 |
|
|
|a SpMaBN
|c SpMaBN
|d vLex
|
| 080 |
|
|
|a 347.775(73)
|
| 090 |
|
|
|c 792
|d 792
|
| 100 |
1 |
|
|a Llobregat Hurtado, Mara̕ Luisa
|
| 245 |
1 |
3 |
|a La proteccin̤ del secreto empresarial en el marco del derecho de la competencia
|h [Recurso electrn̤ico]
|b : (una aproximacin̤ al concepto de secreto empresarial en derecho norteamericano)
|c Mara̕ Luisa Llobregat Hurtado
|
| 246 |
3 |
|
|a Aproximacin̤ al concepto de secreto empresarial en derecho espaǫl y derecho norteamericano
|
| 256 |
|
|
|a Servicio en ln̕ea
|
| 260 |
|
|
|a Barcelona :
|b Cedecs
|c 1999
|
| 300 |
|
|
|a 277 p. ;
|c 23 cm
|
| 504 |
|
|
|a Bibliografa̕: p. 265-277
|
| 506 |
1 |
|
|a Contenido solo disponible en los productos indicados
|d vLex Global
|d vLex Global (Academic Edition, excluding Law Schools)
|d vLex Global (U.S. Academic Edition, Law Schools)
|d vLex Global (U.S. Academic Edition, excluding Law Schools)
|d vLex Global (Academic Edition, Law Schools)
|
| 650 |
0 |
7 |
|2 Tesauro vLex
|a Mercantil
|
| 650 |
0 |
7 |
|2 Tesauro vLex
|a Societario
|
| 650 |
0 |
7 |
|2 Tesauro vLex
|a Empresa mercantil
|
| 650 |
0 |
7 |
|2 Tesauro vLex
|a Empresa y empresario
|
| 650 |
0 |
7 |
|2 Tesauro vLex
|a Secretos industriales
|
| 740 |
0 |
|
|a vLex Libros (Servicios en ln̕ea)
|
| 856 |
4 |
0 |
|z Acceso restringido
|u http://vlex.com/source/3263
|
| 942 |
|
|
|c BOOK
|
| 999 |
0 |
|
|a Mercantile system
|b Barcelona
|